000 00738nam a2200229Ia 4500
003 IN-BaIIA
008 211028s9999 xx 000 0 eng d
020 _a0-8243-927-8
040 _cIIA Library
080 _a047.1:52
_bARA-27
100 _aBurbidge, G.
245 0 _aAnnual review of astronomy and astrophysics
_bvol. 27
_cG. Burbidge, D. Layzer and J. G. Phillips
260 _aAnnual Reviews
_bEducational Supplies
_c1989
300 _aviii, 773p
650 _aAstronomy
_980
650 _aAstronomy and Astrophysics Thesaurus
650 _aAstrophysics
_9794
650 _aTheoretical Astrophysics
_915234
700 _aLayzer, D
700 _aPhillips, J G
_99868
942 _cBK
999 _c9652
_d9652